| 000 | 00554nam a22001937a 4500 | ||
|---|---|---|---|
| 003 | KOHA_MİRAKIL | ||
| 005 | 20241003053916.0 | ||
| 008 | 241002b2022 tu ||||| |||| 00| 0 tur d | ||
| 020 | _a9786257303972 | ||
| 040 |
_aTR-AnABB _btur _cTR-AnABB |
||
| 041 | _atur | ||
| 082 |
_a891.734 _bAYT 2022 |
||
| 100 | 1 |
_aAytmatov, Cengiz, 1928-2008 _923 |
|
| 245 | 1 | 0 |
_aErken gelen turnalar / _cCengiz Aytmatov. |
| 260 |
_aİstanbul : _bKetebe Yayınları, _c2022. |
||
| 300 |
_a148 sayfa ; _c20 cm. |
||
| 650 |
_aKırgız edebiyatı, roman _924 |
||
| 942 |
_2ddc _cBK |
||
| 999 |
_c7486 _d7486 |
||
| 900 | _bCan Çelik | ||